|
|
|
|
| LEADER |
00000cam a2200000 c 4500 |
| 001 |
1929666918 |
| 003 |
DE-627 |
| 005 |
20260115231132.0 |
| 007 |
tu |
| 008 |
250703s2025 gw ||||| m 00| ||ger c |
| 020 |
|
|
|a 9783658476946
|9 978-3-658-47694-6
|
| 035 |
|
|
|a (DE-627)1929666918
|
| 035 |
|
|
|a (DE-599)KXP1929666918
|
| 035 |
|
|
|a (OCoLC)1523673650
|
| 040 |
|
|
|a DE-627
|b ger
|c DE-627
|e rda
|
| 041 |
|
|
|a ger
|
| 044 |
|
|
|c XA-DE-BW
|
| 082 |
0 |
|
|a 305.69709494
|q DE-101
|2 23/ger
|
| 082 |
0 |
4 |
|a 300
|a 290
|q DE-101
|
| 100 |
1 |
|
|0 (DE-588)1237271371
|0 (DE-627)1763703401
|4 aut
|a Trucco, Noemi
|d 1981-
|
| 109 |
|
|
|a Trucco, Noemi 1981-
|a Trucco, Noëmi 1981-
|a Trucco, Noeimi 1981-
|
| 245 |
1 |
4 |
|a Der Super-Imam
|b zur Subjektivierung von Imamen in der Schweiz
|c Noemi Trucco
|
| 264 |
|
1 |
|a Wiesbaden
|a [Heidelberg]
|b Springer VS
|c [2025]
|
| 264 |
|
4 |
|c © 2025
|
| 300 |
|
|
|a XV, 405 Seiten
|
| 336 |
|
|
|a Text
|b txt
|2 rdacontent
|
| 337 |
|
|
|a ohne Hilfsmittel zu benutzen
|b n
|2 rdamedia
|
| 338 |
|
|
|a Band
|b nc
|2 rdacarrier
|
| 490 |
0 |
|
|a Subjektivierung und Gesellschaft
|
| 490 |
0 |
|
|a Research
|
| 502 |
|
|
|b Dissertation
|c Universitär Freiburg, Schweiz
|d 2023
|
| 583 |
1 |
|
|a Archivierung/Langzeitarchivierung gewährleistet
|f PEBW
|x XA-DE-BW
|2 pdager
|5 DE-31
|
| 655 |
|
7 |
|a Hochschulschrift
|0 (DE-588)4113937-9
|0 (DE-627)105825778
|0 (DE-576)209480580
|2 gnd-content
|
| 689 |
0 |
0 |
|d g
|0 (DE-588)4053881-3
|0 (DE-627)104584904
|0 (DE-576)20910614X
|2 gnd
|a Schweiz
|
| 689 |
0 |
1 |
|d s
|0 (DE-588)4351632-4
|0 (DE-627)181232138
|0 (DE-576)211531200
|2 gnd
|a Islambild
|
| 689 |
0 |
2 |
|d s
|0 (DE-588)4148952-4
|0 (DE-627)105564931
|0 (DE-576)20976869X
|2 gnd
|a Debatte
|
| 689 |
0 |
3 |
|d s
|0 (DE-588)4296074-5
|0 (DE-627)104164786
|0 (DE-576)210984317
|2 gnd
|a Imam
|
| 689 |
0 |
4 |
|d s
|0 (DE-588)4055729-7
|0 (DE-627)106157019
|0 (DE-576)209115130
|2 gnd
|a Soziale Rolle
|
| 689 |
0 |
5 |
|d s
|0 (DE-588)1367839408
|0 (DE-627)192756641X
|2 gnd
|a Subjektivierung
|
| 689 |
0 |
|
|5 DE-101
|
| 751 |
|
|
|a Freiburg im Üechtland
|0 (DE-588)4071444-5
|0 (DE-627)106097687
|0 (DE-576)209183993
|4 uvp
|
| 776 |
1 |
|
|z 9783658476953
|c eBook
|
| 856 |
4 |
2 |
|u https://d-nb.info/1367028957/04
|m B:DE-101
|q application/pdf
|x Verlag
|3 Inhaltsverzeichnis
|7 1
|
| 935 |
|
|
|a mteo
|
| 951 |
|
|
|a BO
|
| ELC |
|
|
|b 1
|
| LOK |
|
|
|0 000 xxxxxcx a22 zn 4500
|
| LOK |
|
|
|0 001 4850025919
|
| LOK |
|
|
|0 003 DE-627
|
| LOK |
|
|
|0 004 1929666918
|
| LOK |
|
|
|0 005 20260115231132
|
| LOK |
|
|
|0 008 260115||||||||||||||||ger|||||||
|
| LOK |
|
|
|0 040
|a DE-Tue135
|c DE-627
|d DE-Tue135
|
| LOK |
|
|
|0 092
|o n
|
| LOK |
|
|
|0 852
|a DE-Tue135
|
| LOK |
|
|
|0 852 1
|9 00
|
| LOK |
|
|
|0 935
|a ixbt
|
| LOK |
|
|
|0 939
|a 19-12-25
|b l01
|
| ORI |
|
|
|a SA-MARC-ixtheoa001.raw
|
| REL |
|
|
|a 1
|
| STA |
0 |
0 |
|a Debate,Imam,Islam,Islam in art,Islam in mass media,Islam,Social role,Subject (psychology, philosophy, sociology),Switzerland,Switzerland
|
| STB |
0 |
0 |
|a Débat,Imam,Rôle social,Suisse,Sujet (psychologie, philosophie, sociologie),image de l'islam
|
| STC |
0 |
0 |
|a Debate,Imagen del islam,Imán,Rol social,Suiza
|
| STD |
0 |
0 |
|a Dibattito,Imam,Immagine dell'Islam,Ruolo sociale,Svizzera
|
| STE |
0 |
0 |
|a 伊斯兰教,伊斯兰教,伊玛目,社会角色,辨论,争论
|
| STF |
0 |
0 |
|a 伊斯蘭教,伊斯蘭教,伊瑪目,社會角色,辨論,爭論
|
| STG |
0 |
0 |
|a Debate,Imagem do islã,Imame,Papel social,Suíça
|
| STH |
0 |
0 |
|a Дебаты,Избражение ислама,Имам,Социальная роль,Швейцария (мотив)
|
| STI |
0 |
0 |
|a Δημόσια συζήτηση,Εικόνα του Ισλάμ,Ελβετία (μοτίβο),Ιμάμης,Κοινωνικός ρόλος
|
| SUB |
|
|
|a REL
|
| SYG |
0 |
0 |
|a Suisse,Switzerland,Helvetia,Helvetien,Eidgenossenschaft,Svizzera,Confédération Suisse,Confederazione Helvetica,Confederazione Federale,Confédération Helvétique,Confederaziun Svizra,Svájci Hozzájárulás,Svizzra,Schweizerische Eidgenossenschaft,Confederazione Svizzera,Confoederatio Helvetica,Swiss Confederation,Svizra,Suiza,Confederación helvética,Confédération helvétique,Confederazione elvetica,Confédération suisse,Confederazione helvetica,Helvetische Republik,Schweytzerlandt,Schweytz,Schweitz,Schweizer-Land,Eydgenoschafft,Eydgnosschaft,Eydgnossschafft,Eydgnoßschafft,Eydgenossenschafft,Eidgnossschafft,Helvetische Eidgenossschaft,Hélvetie,Schwiz,Switz,Corpus helveticum , Debattieren , Rolle , Subjektivierung,Subjektivation
|